Prénoms féminins terminés par "line" - Statistiques

Statistiques générales
  • Ce quiz a été pris 929 fois
    914 depuis la dernière actualisation
  • Le résultat moyen est 7 sur 22
Statistiques - réponses
Prénoms % Correct
Aline
68%
Pauline
68%
Adeline
52%
Caroline
51%
Céline
51%
Emmeline
48%
Maryline
43%
Coline
38%
Jacqueline
36%
Charline
34%
Coraline
28%
Roseline
27%
Joceline
24%
Pascaline
22%
Micheline
21%
Juline
16%
Marceline
16%
Appoline
14%
Gwendoline
9%
Catheline
6%
Hermeline
2%
Messaline
0%
Aucun quiz correspondant
Distribution des résultats
% des personnes avec chaque résultat
Percentile par nombre de réponses
Votre historique - résultats
Vous n’avez pas pris ce quiz depuis la dernière actualisation